Top 10 Most Popular Kids Tv shows in the U.S.A - Statistics

General Stats
  • This quiz has been taken 141 times
  • The average score is 3 of 10
Answer Stats
Answer % Correct
1 Spongebob
88%
4 The Amazing World Of Gumball
35%
2 Gravity Falls
32%
7 Adventure Time
31%
9 Blue's Clues
29%
3 Regular Show
26%
6 Phineas and Ferb
25%
10 Pokemon
20%
5 The Fairly Odd Parents
20%
8 Tom and Jerry
18%
No matching quizzes found
Score Distribution
Percent of People with Each Score
Percentile by Number Answered
Your Score History
You have not taken this quiz